000 00880cam a2200253 4500
008 090401t1996 xxu||||| |||| 00| 0 eng d
020 _a0580261948
035 _a(Sirsi) u7991
041 _aeng
110 _aBritish Standards Institution
_9130
245 _aBuilding setting-out and measurement. Part 3. Checklists for the procurement of surveys and measurement services.
260 _aLondon
_bBritish Standards Institution
_c1996
300 _aii,5p. ; 30cm.
350 _a0
490 _aBS
_v5964: Part 3: 1996
490 _aISO
_v4463-3: 1995
520 _aCheck-lists for the surveying and setting-out services required during the development and construction of buildings and ancillary works.
650 _aCHECKLISTS
650 _aMEASUREMENT SERVICES
650 _aSURVEYING SERVICES
690 _aBUILT ENVIRONMENT
942 _n0
948 _c04/03/1997
999 _c86469
_d86469